| Tag |
First Indicator |
Second Indicator |
Subfields |
| LEADER |
00000cam a2200000 a 4500 |
| 001 |
in00000031259 |
| 005 |
20151007060345.0 |
| 008 |
870506s1985 enkabe b 00100 eng d |
| 010 |
|
|
|a gb 87024150
|
| 015 |
|
|
|a GB87-24150
|
| 020 |
|
|
|a 0728200937 :
|c £50.00
|
| 035 |
|
|
|a (OCoLC)16089616
|
| 035 |
|
|
|9 AAC0652AM
|
| 040 |
|
|
|a UKM
|c UKM
|d TXA
|d UtOrBLW
|
| 043 |
|
|
|a e-uk---
|
| 049 |
|
|
|a TXAM
|c [A11672508]
|
| 050 |
1 |
0 |
|a NA6234.G7
|
| 050 |
|
4 |
|a NA6234.G7
|b O33 1985
|
| 082 |
0 |
|
|a 711/.5522/0941
|2 19
|
| 245 |
0 |
0 |
|a Office development /
|c edited by Paul Marber and Paula Marber.
|
| 264 |
|
1 |
|a London :
|b Estates Gazette,
|c 1985.
|
| 300 |
|
|
|a xi, 443 pages :
|b illustrations, maps, plans ;
|c 31 cm.
|
| 336 |
|
|
|a text
|b txt
|2 rdacontent
|
| 337 |
|
|
|a unmediated
|b n
|2 rdamedia
|
| 338 |
|
|
|a volume
|b nc
|2 rdacarrier
|
| 504 |
|
|
|a Includes bibliographies and index.
|
| 650 |
|
0 |
|a Office buildings
|z Great Britain.
|
| 653 |
|
|
|a Great Britain
|a Offices
|a Development
|a Planning
|
| 700 |
1 |
|
|a Marber, Paul.
|
| 700 |
1 |
|
|a Marber, Paula.
|
| 999 |
|
|
|a MARS
|
| 999 |
f |
f |
|s f79ca191-33fc-304f-acac-e95aa317eea4
|i ee466e61-21d9-313c-90be-6b43906add7b
|t 0
|
| 952 |
f |
f |
|p ric
|a Texas A&M University
|b Rellis Campus
|c Joint Library Facility
|d Remote Storage
|t 0
|e NA6234.G7 O33 1985
|h Library of Congress classification
|i unmediated -- volume
|m A14811672508
|
| 998 |
f |
f |
|a NA6234.G7 O33 1985
|t 0
|l Remote Storage
|